Handbook of research on multicultural education (Record no. 907270)

MARC details
000 -LEADER
fixed length control field 00861nam a2200277Ia 4500
003 - CONTROL NUMBER IDENTIFIER
control field OSt
005 - DATE AND TIME OF LATEST TRANSACTION
control field 20221002043027.0
008 - FIXED-LENGTH DATA ELEMENTS--GENERAL INFORMATION
fixed length control field 220930b |||||||| |||| 00| 0 eng d
020 ## - INTERNATIONAL STANDARD BOOK NUMBER
International Standard Book Number 0787959154
037 ## - SOURCE OF ACQUISITION
Terms of availability Reference Collections
040 ## - CATALOGING SOURCE
Original cataloging agency CRL
Transcribing agency CRL
Language of cataloging eng
041 ## - LANGUAGE CODE
Source of code eng
Language code of text/sound track or separate title eng
100 ## - MAIN ENTRY--PERSONAL NAME
Personal name Banks James A.
9 (RLIN) 270560
245 #0 - TITLE STATEMENT
Title Handbook of research on multicultural education
250 ## - EDITION STATEMENT
Edition statement 2nd
260 ## - PUBLICATION, DISTRIBUTION, ETC.
Place of publication, distribution, etc. San
Name of publisher, distributor, etc. Francisco Jossey-Bass
Date of publication, distribution, etc. 2004
300 ## - PHYSICAL DESCRIPTION
Extent 1089p.
Dimensions cm.
650 ## - SUBJECT ADDED ENTRY--TOPICAL TERM
Topical term or geographic name entry element EDUCATION
650 ## - SUBJECT ADDED ENTRY--TOPICAL TERM
Topical term or geographic name entry element MULTICULTURAL EDUCATION
9 (RLIN) 567743
942 ## - ADDED ENTRY ELEMENTS (KOHA)
Classification part T9(Y7:1):fg, P4(RR)
Koha item type
Source of classification or shelving scheme Colon Classification (CC)

No items available.

Copyright @ Delhi University Library System